[Event "BSF 75 aar Jubilaeum 2010"]
[Site "Bronshoj"]
[Date "2010.02.17"]
[Round "5"]
[White "Picard, Romain"]
[Black "Hector, Jonny"]
[Result "0-1"]
[WhiteElo "2365"]
[BlackElo "2572"]
[PlyCount "64"]
[EventDate "2010.??.??"]
[EventCountry "DEN"]


1. e4 e5 2. Nf3 Nc6 3. Bc4 Nf6 4. d3 Be7 5. O-O O-O 6. Re1 d6 7. a4 Kh8 8. h3
Ng8 9. Nc3 f5 10. Nd5 Bf6 11. b4 Nce7 12. b5 Nxd5 13. Bxd5 Ne7 14. Bb3 Ng6 15.
Ra2 a6 16. c3 Bd7 17. c4 c6 18. exf5 Bxf5 19. Ree2 Qd7 20. bxc6 bxc6 21. d4 e4
22. Nh2 Nh4 23. Be3 Rab8 24. Rab2 c5 25. Ba2 Bxh3 26. Rxb8 Rxb8 27. gxh3 Qxh3
28. Qf1 Qf5 29. dxc5 Nf3+ 30. Kh1 Nxh2 31. Kxh2 Be5+ 32. Kg1 Qg4+ 0-1

[Event "BSF 75 aar Jubilaeum 2010"]
[Site "Bronshoj"]
[Date "2010.02.17"]
[Round "5"]
[White "Teplyi, Igor"]
[Black "Danielsen, Henrik"]
[Result "0-1"]
[WhiteElo "2305"]
[BlackElo "2495"]
[PlyCount "130"]
[EventDate "2010.??.??"]
[EventCountry "DEN"]


1. Nf3 d6 2. c4 e5 3. g3 f5 4. Bg2 Nf6 5. O-O Be7 6. d4 e4 7. Ne1 c6 8. d5 cxd5
9. cxd5 O-O 10. Nc3 Na6 11. Nc2 Bd7 12. Nd4 Qb6 13. Nb3 Ng4 14. h3 Ne5 15. Be3
Qd8 16. Nd4 Nc4 17. Bc1 Bf6 18. Ne6 Bxe6 19. dxe6 Qc8 20. e7 Bxe7 21. Nd5 Qe6
22. b3 Ne5 23. Ba3 Rfd8 24. Rc1 Bf8 25. Qd4 Qf7 26. f3 exf3 27. exf3 Nc5 28.
Rfd1 Re8 29. b4 Ne6 30. Qd2 b5 31. f4 Nc4 32. Rxc4 bxc4 33. Bb2 Rac8 34. g4 Kh8
35. a3 Nc7 36. a4 Nxd5 37. Bxd5 Qg6 38. g5 Qh5 39. Kf2 Re4 40. Bxe4 fxe4 41.
Qe2 Qxh3 42. Qe3 Qh2+ 43. Ke1 Re8 44. Rd5 Qh1+ 45. Ke2 Qh5+ 46. Kf2 Kg8 47. Kg3
Qf7 48. Ra5 Re7 49. f5 d5 50. Kg4 Rd7 51. Ra6 g6 52. f6 Bd6 53. Rc6 Qe6+ 54.
Kh4 h5 55. gxh6 Qf5 56. Rxd6 Rxd6 57. Qxa7 Qf4+ 58. Kh3 Qxh6+ 59. Kg2 Qg5+ 60.
Kh1 Qh4+ 61. Kg2 Qg4+ 62. Kh1 Rd7 63. Qa8+ Kf7 64. Qc8 d4 65. Bxd4 Qd1+ 0-1

[Event "BSF 75 aar Jubilaeum 2010"]
[Site "Bronshoj"]
[Date "2010.02.17"]
[Round "5"]
[White "Mikkelsen, Nikolaj"]
[Black "Rosenkilde, Alexander"]
[Result "0-1"]
[WhiteElo "2381"]
[BlackElo "2215"]
[PlyCount "86"]
[EventDate "2010.??.??"]
[EventCountry "DEN"]


1. e4 c5 2. Nf3 Nc6 3. d4 cxd4 4. Nxd4 Nf6 5. Nc3 e5 6. Ndb5 d6 7. Bg5 a6 8.
Na3 b5 9. Nd5 Be7 10. Bxf6 Bxf6 11. c4 b4 12. Nc2 a5 13. Be2 O-O 14. O-O g6 15.
Qd3 Bg7 16. Rad1 Be6 17. Nde3 h5 18. Kh1 Qb6 19. g3 Rad8 20. f4 Bc8 21. Nd5 Qa7
22. f5 Bh6 23. Rg1 Ne7 24. g4 Nxd5 25. Qxd5 Bb7 26. Qd3 hxg4 27. Rxg4 Kh7 28.
f6 Rh8 29. Kg2 Kg8 30. Rh4 Bg5 31. Rxh8+ Kxh8 32. Qf3 Kg8 33. Bd3 Re8 34. h4
Bf4 35. h5 Re6 36. hxg6 fxg6 37. b3 Rxf6 38. Rh1 Bc6 39. Qh3 Bh6 40. c5 Qxc5
41. Bc4+ d5 42. Qc8+ Bf8 43. Rf1 dxc4 0-1

[Event "BSF 75 aar Jubilaeum 2010"]
[Site "Bronshoj"]
[Date "2010.02.17"]
[Round "5"]
[White "Bromann, Thorbjorn"]
[Black "Rendboe, John Filip"]
[Result "1/2-1/2"]
[WhiteElo "2434"]
[BlackElo "2247"]
[PlyCount "66"]
[EventDate "2010.??.??"]
[EventCountry "DEN"]


1. d4 d5 2. Nc3 Bf5 3. f3 Nf6 4. Bg5 c6 5. Qd2 Nbd7 6. O-O-O Qa5 7. Kb1 e6 8.
e4 dxe4 9. fxe4 Bg4 10. Be2 Bb4 11. Bxg4 Bxc3 12. Qxc3 Qxc3 13. bxc3 Nxg4 14.
Rf1 Ngf6 15. Re1 Nb6 16. Bxf6 gxf6 17. Nf3 Nc4 18. Kc1 Rg8 19. g3 Rd8 20. Nd2
Nb6 21. Rhf1 Ke7 22. Rf4 e5 23. Rh4 exd4 24. cxd4 Rxd4 25. Rxh7 Rgd8 26. Nb3
Ra4 27. e5 fxe5 28. Rxe5+ Kf6 29. Rhh5 Rd5 30. Rhf5+ Kg6 31. Rg5+ Kf6 32. Rgf5+
Kg6 33. Rg5+ Kf6 1/2-1/2

[Event "BSF 75 aar Jubilaeum 2010"]
[Site "Bronshoj"]
[Date "2010.02.17"]
[Round "5"]
[White "Skovgaard, Peter Nicolai"]
[Black "Carstensen, Jacob"]
[Result "1-0"]
[WhiteElo "2279"]
[BlackElo "2317"]
[PlyCount "95"]
[EventDate "2010.??.??"]
[EventCountry "DEN"]


1. e4 c5 2. Nf3 d6 3. d4 cxd4 4. Nxd4 Nf6 5. Nc3 a6 6. h3 e5 7. Nde2 b5 8. g4
Bb7 9. Bg2 b4 10. Nd5 Nxd5 11. exd5 Be7 12. Ng3 O-O 13. Nf5 Bf6 14. h4 g6 15.
g5 gxf5 16. gxf6 Qxf6 17. a3 Qg6 18. Bf3 f4 19. axb4 Nd7 20. Kf1 Kh8 21. b3 Rg8
22. Bb2 Nf6 23. c4 Rae8 24. c5 Bc8 25. b5 axb5 26. cxd6 Ne4 27. h5 Qf5 28. Rc1
b4 29. Rxc8 Rxc8 30. d7 Rc3 31. Bxe4 Qxe4 32. Rg1 Rd8 33. Bxc3 Rxd7 34. f3 Qf5
35. Bxb4 Qxh5 36. d6 Qh3+ 37. Ke1 Qh2 38. Kf1 Qh3+ 39. Kf2 Qh4+ 40. Ke2 Qh2+
41. Kd3 Qf2 42. Kc3 Qb6 43. Rg2 Rb7 44. Kb2 Qb5 45. Qc2 Qd7 46. Qe4 f6 47. Qd5
Rb8 48. Ba5 1-0

[Event "BSF 75 aar Jubilaeum 2010"]
[Site "Bronshoj"]
[Date "2010.02.17"]
[Round "5"]
[White "Petersen, Peter Birk"]
[Black "Saada, Julien"]
[Result "0-1"]
[WhiteElo "2203"]
[BlackElo "2307"]
[PlyCount "56"]
[EventDate "2010.??.??"]
[EventCountry "DEN"]


1. e4 c6 2. d4 d5 3. exd5 cxd5 4. c4 Nf6 5. Nc3 g6 6. cxd5 Bg7 7. Bc4 O-O 8.
Nge2 Nbd7 9. Nf4 Nb6 10. Bb3 Bf5 11. O-O Qd7 12. Re1 Rac8 13. a4 a5 14. Qe2
Rfe8 15. Bd2 h6 16. Nd3 Bxd3 17. Qxd3 Nbxd5 18. Nxd5 Nxd5 19. Bxa5 e6 20. Red1
Qd6 21. g3 h5 22. h4 Ra8 23. Bd2 Red8 24. Bg5 Rd7 25. Qf3 Qb4 26. Bxd5 Rxd5 27.
Bf6 Bxf6 28. Qxf6 Rf5 0-1

[Event "BSF 75 aar Jubilaeum 2010"]
[Site "Bronshoj"]
[Date "2010.02.17"]
[Round "5"]
[White "Andersen, Mads"]
[Black "Kragh, Niels Kristian"]
[Result "1/2-1/2"]
[WhiteElo "2300"]
[BlackElo "2147"]
[PlyCount "59"]
[EventDate "2010.??.??"]
[EventCountry "DEN"]


1. e4 c6 2. d4 d5 3. Nc3 dxe4 4. Nxe4 Nd7 5. Ng5 Ngf6 6. Bd3 e6 7. N1f3 Bd6 8.
Qe2 h6 9. Ne4 Nxe4 10. Qxe4 Qc7 11. O-O b6 12. b3 Bb7 13. Qh4 Nf6 14. Bb2 O-O-O
15. Ne5 g5 16. Qh3 Nd5 17. Be4 Nf4 18. Qf3 f6 19. g3 fxe5 20. dxe5 Nh3+ 21. Kg2
Bxe5 22. Bxe5 Qxe5 23. Bxc6 Ba6 24. Rfe1 Qf5 25. Qxf5 exf5 26. Kxh3 g4+ 27. Kh4
Rd2 28. c4 Rxf2 29. Rh1 Kc7 30. Bd5 1/2-1/2

[Event "BSF 75 aar Jubilaeum 2010"]
[Site "Bronshoj"]
[Date "2010.02.17"]
[Round "5"]
[White "Andersen, Alf Roger"]
[Black "Brinck Claussen, Bjorn"]
[Result "0-1"]
[WhiteElo "2200"]
[BlackElo "2300"]
[PlyCount "52"]
[EventDate "2010.??.??"]
[EventCountry "DEN"]


1. e4 e6 2. d4 d5 3. Nd2 c5 4. Ngf3 cxd4 5. exd5 Qxd5 6. Bc4 Qd6 7. Qe2 Nc6 8.
Ne4 Qc7 9. O-O Nf6 10. Bg5 Nxe4 11. Qxe4 Bc5 12. Rad1 O-O 13. Bf4 Qe7 14. Ng5
g6 15. Rfe1 e5 16. Nxf7 Rxf7 17. Bxf7+ Qxf7 18. Bxe5 Bf5 19. Qh4 Bxc2 20. Rc1
Bb4 21. Rf1 d3 22. Bf4 Nd4 23. Kh1 Ne2 24. Be5 Be7 25. Qh6 Nxc1 26. Rxc1 Bf6
0-1

[Event "BSF 75 aar Jubilaeum 2010"]
[Site "Bronshoj"]
[Date "2010.02.17"]
[Round "5"]
[White "Jorgensen, Rasmus"]
[Black "Andersen, Ole Bo"]
[Result "1/2-1/2"]
[WhiteElo "2015"]
[BlackElo "2125"]
[PlyCount "45"]
[EventDate "2010.??.??"]
[EventCountry "DEN"]


1. e4 Nf6 2. Nc3 e5 3. Nf3 Nc6 4. Bb5 Nd4 5. Nxe5 Bb4 6. Bc4 O-O 7. O-O d6 8.
Nxf7 Rxf7 9. Bxf7+ Kxf7 10. Nd5 Nxd5 11. exd5 Bc5 12. c3 Nf5 13. d4 Bb6 14.
Qh5+ Kg8 15. Bg5 Qf8 16. Rae1 Bd7 17. Re4 h6 18. Bd2 Qf6 19. Rfe1 Rf8 20. Rf4
Qf7 21. Qe2 Re8 22. Re4 Rf8 23. Rf4 1/2-1/2

[Event "BSF 75 aar Jubilaeum 2010"]
[Site "Bronshoj"]
[Date "2010.02.17"]
[Round "5"]
[White "Jensen, Soren Holm"]
[Black "Naes, Flovin Tor"]
[Result "0-1"]
[WhiteElo "2060"]
[BlackElo "2262"]
[PlyCount "64"]
[EventDate "2010.??.??"]
[EventCountry "DEN"]


1. e4 e5 2. Nf3 Nc6 3. Bb5 a6 4. Ba4 Nf6 5. O-O Nxe4 6. d4 b5 7. Bb3 d5 8. dxe5
Be6 9. Nbd2 Nc5 10. c3 Be7 11. Bc2 Bg4 12. Re1 Qd7 13. Nb3 Ne6 14. Qd3 Bh5 15.
Nbd4 Bg6 16. Qe2 Ncxd4 17. cxd4 O-O 18. Bxg6 fxg6 19. Be3 c5 20. dxc5 d4 21. c6
Qd5 22. Red1 Bc5 23. b4 Bb6 24. Qd3 Rad8 25. Rac1 Rxf3 26. gxf3 Qxf3 27. Qb3
Qg4+ 28. Kh1 dxe3 29. Rxd8+ Bxd8 30. fxe3 Bc7 31. Qd5 Qf5 32. Rc5 Qf1# 0-1

[Event "BSF 75 aar Jubilaeum 2010"]
[Site "Bronshoj"]
[Date "2010.02.17"]
[Round "5"]
[White "Petersen, Steen Brustrup"]
[Black "Christensen, Esben"]
[Result "0-1"]
[WhiteElo "2154"]
[BlackElo "2008"]
[PlyCount "108"]
[EventDate "2010.??.??"]
[EventCountry "DEN"]


1. e4 c5 2. Nf3 e6 3. d3 Nc6 4. g3 d5 5. Nbd2 Nf6 6. Bg2 Be7 7. O-O O-O 8. e5
Nd7 9. Re1 b5 10. Nf1 a5 11. h4 b4 12. Bf4 a4 13. a3 Nd4 14. N1h2 Nxf3+ 15.
Nxf3 bxa3 16. bxa3 Rb8 17. Nd2 Ba6 18. c4 Nb6 19. Qc2 g5 20. hxg5 Bxg5 21. Bxg5
Qxg5 22. Re3 Rfd8 23. f4 Qg4 24. cxd5 Nxd5 25. Rf3 Bb7 26. Ne4 Kg7 27. Nf2 Qg6
28. g4 Ne7 29. Rg3 Nf5 30. Bxb7 Nxg3 31. Bg2 h5 32. Kh2 h4 33. Bf3 Rb3 34. Rd1
Rdb8 35. Qxc5 Rb2 36. Kg1 Qh6 37. g5 Qh8 38. Qe7 Qd8 39. Qf6+ Qxf6 40. gxf6+
Kg6 41. Ne4 Ne2+ 42. Kh1 Nxf4 43. Rg1+ Kh6 44. Nd6 Rf8 45. Be4 Nh3 46. Rg7 Ng5
47. Bc6 Rd2 48. Be4 Rb8 49. d4 Rd1+ 50. Kh2 Rb2+ 51. Bg2 Rdd2 52. Rxg5 Kxg5 53.
Ne4+ Kf4 54. Nxd2 Rxd2 0-1

[Event "BSF 75 aar Jubilaeum 2010"]
[Site "Bronshoj"]
[Date "2010.02.17"]
[Round "5"]
[White "Hansen, Lars Henrik Bech"]
[Black "Andersen, Daniel"]
[Result "0-1"]
[WhiteElo "2083"]
[BlackElo "2024"]
[PlyCount "62"]
[EventDate "2010.??.??"]
[EventCountry "DEN"]


1. e4 e6 2. d4 d5 3. Nc3 Bb4 4. Bd2 dxe4 5. Qg4 Nf6 6. Qxg7 Rg8 7. Qh6 c5 8.
dxc5 Nc6 9. O-O-O Bd7 10. Be2 Rg6 11. Qe3 Qa5 12. Bc4 Qxc5 13. Qxc5 Bxc5 14.
Nb5 Ke7 15. Nh3 Rxg2 16. Bg5 Rxg5 17. Nxg5 Bxf2 18. h4 h6 19. Nh3 Bc5 20. Rhf1
a6 21. Nc3 Ne5 22. Be2 Bc6 23. Kb1 Nfg4 24. Rde1 f5 25. a3 Nh2 26. Rh1 Nhf3 27.
Bxf3 Nxf3 28. Re2 Rg8 29. Ka2 Rg4 30. Rf1 Rxh4 31. Nf2 Rh2 0-1

[Event "BSF 75 aar Jubilaeum 2010"]
[Site "Bronshoj"]
[Date "2010.02.18"]
[Round "6"]
[White "Hector, Jonny"]
[Black "Hoi, Carsten"]
[Result "1-0"]
[WhiteElo "2572"]
[BlackElo "2393"]
[PlyCount "95"]
[EventDate "2010.??.??"]
[EventCountry "DEN"]


1. e4 c6 2. d4 d5 3. Nc3 dxe4 4. Nxe4 Nf6 5. Nxf6+ exf6 6. c3 Bd6 7. Bd3 O-O 8.
Qc2 g6 9. Ne2 Re8 10. O-O Qc7 11. Ng3 Nd7 12. Bh6 b6 13. f4 Bb7 14. c4 Rad8 15.
Rf3 Bf8 16. Bxf8 Nxf8 17. Qc3 Qd6 18. Ne4 Rxe4 19. Bxe4 f5 20. c5 Qc7 21. Bc2
Ne6 22. Bb3 Nxd4 23. Rf2 Bc8 24. Rd1 bxc5 25. Qxc5 Qb6 26. Qe7 Be6 27. Kh1 Kg7
28. Bxe6 Nxe6 29. Rff1 Rxd1 30. Rxd1 Qf2 31. Qb4 h5 32. Qd2 Qb6 33. Qc3+ Kg8
34. Qd2 Qa6 35. b3 Qa3 36. h3 a5 37. Rc1 a4 38. Rxc6 axb3 39. Rc8+ Kh7 40. Qc3
Ng7 41. axb3 h4 42. b4 Qa6 43. Qc4 Qa1+ 44. Qc1 Qd4 45. b5 Nh5 46. Qc4 Qa7 47.
b6 Qe7 48. Qxf7+ 1-0

[Event "BSF 75 aar Jubilaeum 2010"]
[Site "Bronshoj"]
[Date "2010.02.18"]
[Round "6"]
[White "Rosenkilde, Alexander"]
[Black "Nielsen, Lars Aaes"]
[Result "1-0"]
[WhiteElo "2215"]
[BlackElo "2248"]
[PlyCount "79"]
[EventDate "2010.??.??"]
[EventCountry "DEN"]


1. d4 e6 2. c4 b6 3. Nf3 Nf6 4. g3 Ba6 5. b3 Bb4+ 6. Bd2 Be7 7. Bg2 c6 8. O-O
O-O 9. Ne5 d5 10. Bg5 h6 11. Bf4 Nfd7 12. cxd5 Nxe5 13. d6 Bxd6 14. dxe5 Bc5
15. Nc3 Qc7 16. Ne4 Nd7 17. Rc1 Rad8 18. Qc2 Ba3 19. Rcd1 Be7 20. Nf6+ Bxf6 21.
exf6 e5 22. fxg7 Kxg7 23. Bc1 Nf6 24. Qf5 Qe7 25. Bxc6 Bxe2 26. Rxd8 Rxd8 27.
Re1 Bg4 28. Qb1 Qb4 29. Bb2 Bf5 30. Qa1 Ng4 31. Bf3 f6 32. Bxg4 Bxg4 33. Bxe5
fxe5 34. Qxe5+ Kf7 35. Re4 Bf3 36. Qf4+ Kg7 37. Qc7+ Kg6 38. Re6+ Kf5 39. Qf7+
Kg4 40. Qg6+ 1-0

[Event "BSF 75 aar Jubilaeum 2010"]
[Site "Bronshoj"]
[Date "2010.02.18"]
[Round "6"]
[White "Rendboe, John Filip"]
[Black "Rasmussen, Allan Stig"]
[Result "1/2-1/2"]
[WhiteElo "2247"]
[BlackElo "2542"]
[PlyCount "32"]
[EventDate "2010.??.??"]
[EventCountry "DEN"]


1. d4 d5 2. c4 dxc4 3. e3 Nf6 4. Bxc4 e6 5. Nf3 c5 6. Nc3 a6 7. O-O Nc6 8. a4
cxd4 9. exd4 Be7 10. Re1 O-O 11. Bg5 Nb4 12. Ne5 b6 13. Bxf6 Bxf6 14. d5 Bxe5
15. Rxe5 Qc7 16. Qe2 exd5 1/2-1/2

[Event "BSF 75 aar Jubilaeum 2010"]
[Site "Bronshoj"]
[Date "2010.02.18"]
[Round "6"]
[White "Kragh, Niels Kristian"]
[Black "Bromann, Thorbjorn"]
[Result "0-1"]
[WhiteElo "2147"]
[BlackElo "2434"]
[PlyCount "112"]
[EventDate "2010.??.??"]
[EventCountry "DEN"]


1. e4 e6 2. d4 d5 3. Nc3 Nf6 4. Bg5 dxe4 5. Nxe4 Be7 6. Bxf6 gxf6 7. c4 f5 8.
Nc3 Bf6 9. Nge2 b6 10. d5 Bb7 11. g3 h5 12. h4 Nd7 13. Bg2 Ne5 14. Nf4 Qe7 15.
Qa4+ Kf8 16. O-O-O Qc5 17. dxe6 Bxg2 18. Nxg2 Nxc4 19. Qd7 Rh7 20. e7+ Bxe7 21.
Qd5 Rd8 22. Qxc5 Rxd1+ 23. Nxd1 Bxc5 24. Re1 Bd6 25. Nde3 Nxe3 26. Rxe3 f4 27.
Nxf4 Bxf4 28. gxf4 Rg7 29. Re5 Rg1+ 30. Kd2 Rf1 31. Ke3 Rb1 32. Rb5 Ke7 33. Ke4
Ke6 34. Re5+ Kd6 35. Rb5 c5 36. Kf5 Rf1 37. Kg5 Rxf2 38. Kxh5 Rxf4 39. Kg5 Rf2
40. Rb3 Rg2+ 41. Kf6 Rh2 42. Kg5 f6+ 43. Kg4 c4 44. Rb5 Kc6 45. a4 a6 46. Rf5
Rxb2 47. Rxf6+ Kc5 48. h5 Rh2 49. Rf5+ Kb4 50. Rf6 Ka5 51. h6 b5 52. Kg5 Kxa4
53. Rxa6+ Kb3 54. Kg6 c3 55. h7 c2 56. Rc6 Kb2 0-1

[Event "BSF 75 aar Jubilaeum 2010"]
[Site "Bronshoj"]
[Date "2010.02.18"]
[Round "6"]
[White "Naes, Flovin Tor"]
[Black "Rossen, Claus"]
[Result "1/2-1/2"]
[WhiteElo "2262"]
[BlackElo "2223"]
[PlyCount "127"]
[EventDate "2010.??.??"]
[EventCountry "DEN"]


1. e4 g6 2. d4 Bg7 3. Nc3 d6 4. Be3 c6 5. Qd2 Qa5 6. f3 Nd7 7. Bc4 b5 8. Bb3
Bb7 9. Nge2 c5 10. dxc5 Nxc5 11. O-O a6 12. Rfd1 Rc8 13. Nd4 Nf6 14. Bh6 O-O
15. Nd5 Qxd2 16. Nxe7+ Kh8 17. Bxg7+ Kxg7 18. Rxd2 Rc7 19. Nd5 Nxb3 20. axb3
Nxd5 21. exd5 Rc5 22. Ne2 Re8 23. Nc3 b4 24. Ne4 Rxd5 25. Rxd5 Bxd5 26. Rxa6
Bxe4 27. fxe4 Rc8 28. Rxd6 Rxc2 29. Rd4 Rxb2 30. Rxb4 Kf6 31. h4 h5 32. Kh2 Ke5
33. Rb7 f5 34. exf5 Kxf5 35. Rb5+ Kg4 36. Rb4+ Kf5 37. Kg3 Rd2 38. Rf4+ Ke5 39.
Rf3 Rd4 40. Rc3 Rg4+ 41. Kh3 Rd4 42. Rc5+ Kf6 43. Rb5 Rd3+ 44. Kh2 Rd4 45. Kg3
Rg4+ 46. Kh3 Rd4 47. b4 Rc4 48. Rb8 Rc3+ 49. Kh2 Kf5 50. b5 Kg4 51. Rg8 Kxh4
52. b6 Rb3 53. Rxg6 Rh3+ 54. Kg1 Rh1+ 55. Kf2 Rf1+ 56. Ke3 Re1+ 57. Kd4 Rd1+
58. Ke5 Rd5+ 59. Ke6 Rd6+ 60. Kf7 Rd7+ 61. Ke8 Re7+ 62. Kf8 Rf7+ 63. Kg8 Rg7+
64. Rxg7 1/2-1/2

[Event "BSF 75 aar Jubilaeum 2010"]
[Site "Bronshoj"]
[Date "2010.02.18"]
[Round "6"]
[White "Petersen, Nils"]
[Black "Carstensen, Jacob"]
[Result "0-1"]
[WhiteElo "2059"]
[BlackElo "2317"]
[PlyCount "92"]
[EventDate "2010.??.??"]
[EventCountry "DEN"]


1. c4 e5 2. Nc3 Nf6 3. Nf3 Nc6 4. a3 d5 5. cxd5 Nxd5 6. Qc2 g6 7. e3 Bg7 8.
Nxd5 Qxd5 9. Bc4 Qd6 10. b4 O-O 11. Bb2 Bf5 12. e4 Bg4 13. Be2 Rfd8 14. Rd1 h6
15. h3 Be6 16. O-O g5 17. Nh2 a5 18. b5 Nd4 19. Bxd4 exd4 20. Qd3 c5 21. bxc6
bxc6 22. Bg4 c5 23. Bxe6 Qxe6 24. Rc1 Rdc8 25. Rc4 Rab8 26. Rfc1 Bf8 27. Nf3
Re8 28. e5 Rb2 29. R1c2 Rb1+ 30. Rc1 Rxc1+ 31. Rxc1 Rb8 32. Rc4 Rb2 33. Ra4 Qb6
34. Qc4 Be7 35. Qd5 Kg7 36. g4 Rc2 37. Kg2 Rc1 38. Qd7 Bf8 39. Qd5 Qb5 40. e6
Qxa4 41. Qe5+ Kg8 42. exf7+ Kxf7 43. Qd5+ Ke7 44. Ne5 Qe8 45. Nc6+ Kf6 46. Nd8
Re1 0-1

[Event "BSF 75 aar Jubilaeum 2010"]
[Site "Bronshoj"]
[Date "2010.02.18"]
[Round "6"]
[White "Christensen, Esben"]
[Black "Andersen, Alf Roger"]
[Result "1/2-1/2"]
[WhiteElo "2008"]
[BlackElo "2200"]
[PlyCount "49"]
[EventDate "2010.??.??"]
[EventCountry "DEN"]


1. e4 d6 2. d4 Nf6 3. Nc3 g6 4. f4 Bg7 5. Nf3 c5 6. Bb5+ Bd7 7. e5 Ng4 8. Bxd7+
Qxd7 9. d5 dxe5 10. h3 e4 11. Nxe4 Nf6 12. Nxf6+ Bxf6 13. O-O O-O 14. Ne5 Qc7
15. c4 Nd7 16. Ng4 Bd4+ 17. Be3 Bxb2 18. Rb1 Bg7 19. f5 Ne5 20. Bf4 f6 21. fxg6
hxg6 22. Qe2 b6 23. Rfe1 e6 24. dxe6 Qd6 25. Nxe5 1/2-1/2

[Event "BSF 75 aar Jubilaeum 2010"]
[Site "Bronshoj"]
[Date "2010.02.18"]
[Round "6"]
[White "Hvenekilde, Jorgen"]
[Black "Huguet, Sergio"]
[Result "1/2-1/2"]
[WhiteElo "2190"]
[BlackElo "2138"]
[PlyCount "49"]
[EventDate "2010.??.??"]
[EventCountry "DEN"]


1. d4 d5 2. Nf3 e6 3. c4 c6 4. g3 f5 5. Bg2 Nf6 6. O-O Nbd7 7. b3 Ne4 8. a4 Bb4
9. Bb2 O-O 10. Ne5 Qg5 11. Nd3 Bd6 12. Ba3 Bxa3 13. Rxa3 Ndf6 14. Qc1 Bd7 15.
f3 Qxc1 16. Rxc1 Nd6 17. Nd2 g5 18. c5 Nf7 19. b4 a5 20. Rb1 axb4 21. Rxb4 Ra7
22. Rab3 Rfa8 23. Nb2 Bc8 24. f4 g4 25. e3 1/2-1/2

[Event "BSF 75 aar Jubilaeum 2010"]
[Site "Bronshoj"]
[Date "2010.02.18"]
[Round "6"]
[White "Jensen, Michael Agermose"]
[Black "Frisk, Hans"]
[Result "1/2-1/2"]
[WhiteElo "2070"]
[BlackElo "2022"]
[PlyCount "129"]
[EventDate "2010.??.??"]
[EventCountry "DEN"]


1. e4 e5 2. f4 Bc5 3. Nc3 d6 4. Nf3 Nf6 5. Bc4 Nc6 6. d3 Na5 7. Bb3 Nxb3 8.
axb3 a6 9. Qe2 Qe7 10. Be3 Bxe3 11. Qxe3 Bd7 12. O-O O-O 13. h3 exf4 14. Qxf4
Nh5 15. Qh2 f5 16. Nd5 Qf7 17. Ng5 Qe8 18. g4 c6 19. Nc7 Qe7 20. Nxh7 Kxh7 21.
Nxa8 Qg5 22. Kh1 Rxa8 23. gxh5 fxe4 24. Qxd6 Bxh3 25. Qg6+ Qxg6 26. hxg6+ Kxg6
27. Rg1+ Kf6 28. Rg3 Rh8 29. Kg1 exd3 30. Rxd3 Bf5 31. Rf3 g6 32. Re1 Rd8 33.
c4 Rd2 34. Rf2 Rd3 35. Re8 Rxb3 36. Rb8 Ke5 37. Rd8 Rb4 38. Re2+ Kf6 39. Rd4 a5
40. Rd6+ Kg5 41. Re5 Rxc4 42. Rxa5 Rc1+ 43. Kf2 Rc2+ 44. Ke3 Rxb2 45. Rd4 b5
46. Ra6 c5 47. Rd5 c4 48. Rb6 c3 49. Rbxb5 c2 50. Rbc5 Kg4 51. Kd2 Rb1 52. Rd4+
Kf3 53. Rc3+ Kg2 54. Rxc2 Bxc2 55. Kxc2 Rb6 56. Kd3 Re6 57. Rg4+ Kf3 58. Rg1
Rd6+ 59. Kc4 Kf4 60. Kc5 Rf6 61. Kd5 Ra6 62. Rf1+ Kg3 63. Rg1+ Kf2 64. Rg4 g5
65. Ke5 1/2-1/2

[Event "BSF 75 aar Jubilaeum 2010"]
[Site "Bronshoj"]
[Date "2010.02.18"]
[Round "6"]
[White "Andersen, Daniel"]
[Black "Petersen, Steen Brustrup"]
[Result "0-1"]
[WhiteElo "2024"]
[BlackElo "2154"]
[PlyCount "64"]
[EventDate "2010.??.??"]
[EventCountry "DEN"]


1. c4 e5 2. Nc3 Nf6 3. Nf3 Nc6 4. g3 d5 5. cxd5 Nxd5 6. Bg2 Nb6 7. O-O Be7 8.
Rb1 g5 9. d4 exd4 10. Nb5 Bf6 11. e3 d3 12. Ne1 a6 13. Nc3 Be6 14. Nxd3 Bxc3
15. bxc3 Bxa2 16. Rb2 Bc4 17. Rd2 Qe7 18. Re1 O-O-O 19. e4 Bxd3 20. Rxd3 Rxd3
21. Qxd3 Ne5 22. Qe3 g4 23. Qf4 Nbc4 24. Qf5+ Qe6 25. Qh5 Qg6 26. Qh4 Rd8 27.
f4 Nd3 28. Rf1 Qb6+ 29. Kh1 Nf2+ 30. Kg1 Nh3+ 31. Kh1 Qg1+ 32. Rxg1 Nf2# 0-1

[Event "BSF 75 aar Jubilaeum 2010"]
[Site "Bronshoj"]
[Date "2010.02.18"]
[Round "6"]
[White "Jensen, Soren Holm"]
[Black "Hansen, Lars Henrik Bech"]
[Result "1/2-1/2"]
[WhiteElo "2060"]
[BlackElo "2083"]
[PlyCount "26"]
[EventDate "2010.??.??"]
[EventCountry "DEN"]


1. e4 d6 2. d4 Nf6 3. Nc3 g6 4. f4 Bg7 5. Nf3 c5 6. Bb5+ Bd7 7. Bxd7+ Nfxd7 8.
O-O cxd4 9. Nxd4 Nc6 10. Be3 O-O 11. Nxc6 bxc6 12. Bd4 Bxd4+ 13. Qxd4 Qb6
1/2-1/2

[Event "BSF 75 aar Jubilaeum 2010"]
[Site "Bronshoj"]
[Date "2010.02.19"]
[Round "7"]
[White "Rosenkilde, Alexander"]
[Black "Hector, Jonny"]
[Result "0-1"]
[WhiteElo "2215"]
[BlackElo "2572"]
[PlyCount "126"]
[EventDate "2010.??.??"]
[EventCountry "DEN"]


1. d4 d5 2. c4 c6 3. Nf3 Nf6 4. e3 Bf5 5. Nc3 e6 6. Nh4 Be4 7. f3 Bg6 8. Qb3
Qb6 9. Nxg6 hxg6 10. Bd2 Nbd7 11. g3 Be7 12. O-O-O g5 13. Qc2 g4 14. f4 g6 15.
Kb1 Nh5 16. Be1 f5 17. h4 Kf7 18. Rh2 Rhc8 19. Rc1 Ndf6 20. Qd1 Qd8 21. Rhc2
Bb4 22. Ne2 a5 23. Bg2 dxc4 24. Rxc4 Nd5 25. Bf2 Nhf6 26. R4c2 Be7 27. Nc3 a4
28. Re2 a3 29. b3 Bb4 30. Be1 Qa5 31. Na4 Bxe1 32. Qxe1 Qxe1 33. Rexe1 Rd8 34.
Nc5 Rab8 35. Nd3 Ne7 36. Ne5+ Kg7 37. Bh1 Rbc8 38. Nc4 Ra8 39. Ne5 Nc8 40. Nc4
Ne7 41. Ne5 Ned5 42. Rc2 Nc7 43. Kc1 Nb5 44. Kd2 Nd6 45. Ke2 Rac8 46. Nc4 Nde4
47. Rg1 c5 48. Bxe4 Nxe4 49. Nxa3 cxd4 50. exd4 Rxc2+ 51. Nxc2 Rc8 52. Ne3 Rc3
53. d5 exd5 54. Nxd5 Nxg3+ 55. Kd2 Ne4+ 56. Ke2 Rc2+ 57. Ke3 Rxa2 58. Rc1 g3
59. Nc3 Nxc3 60. Rxc3 g2 61. Rc1 Kh6 62. Kf3 Rb2 63. Rg1 Kh5 0-1

[Event "BSF 75 aar Jubilaeum 2010"]
[Site "Bronshoj"]
[Date "2010.02.19"]
[Round "7"]
[White "Mikkelsen, Nikolaj"]
[Black "Danielsen, Henrik"]
[Result "0-1"]
[WhiteElo "2381"]
[BlackElo "2495"]
[PlyCount "104"]
[EventDate "2010.??.??"]
[EventCountry "DEN"]


1. e4 d6 2. d4 Nf6 3. Nc3 g6 4. Be3 c6 5. h3 Nbd7 6. Bd3 e5 7. Nf3 Bg7 8. O-O
O-O 9. Re1 b5 10. dxe5 dxe5 11. Nd2 a6 12. Nb3 Re8 13. Qf3 Bb7 14. Rad1 Qc7 15.
Bf1 c5 16. Nd2 c4 17. a4 Bc6 18. b3 b4 19. Nd5 Bxd5 20. exd5 cxb3 21. cxb3 e4
22. d6 Qb7 23. Qe2 Nd5 24. Nb1 Ne5 25. Qc2 Nxe3 26. Rxe3 f5 27. Bc4+ Kh8 28.
Bd5 Qc8 29. Qxc8 Raxc8 30. Bb7 Rcd8 31. Bxa6 Re6 32. Re2 Bh6 33. Rc2 Rexd6 34.
Rxd6 Rxd6 35. Be2 f4 36. a5 f3 37. Bf1 e3 38. Rc8+ Kg7 39. gxf3 Rd1 40. Kg2
Rxb1 41. a6 Ra1 42. Rc7+ Kf6 43. a7 exf2 44. Kxf2 Ra2+ 45. Be2 Nd3+ 46. Kf1
Ra1+ 47. Kg2 Nf4+ 48. Kf2 Nxh3+ 49. Kg2 Nf4+ 50. Kf2 Ra2 51. Rc6+ Ke5 52. Ra6
Nd3+ 0-1

[Event "BSF 75 aar Jubilaeum 2010"]
[Site "Bronshoj"]
[Date "2010.02.19"]
[Round "7"]
[White "Hoi, Carsten"]
[Black "Picard, Romain"]
[Result "1/2-1/2"]
[WhiteElo "2393"]
[BlackElo "2365"]
[PlyCount "105"]
[EventDate "2010.??.??"]
[EventCountry "DEN"]


1. d4 Nf6 2. c4 e6 3. Nc3 Bb4 4. e3 b6 5. Nge2 Ba6 6. a3 Be7 7. Nf4 O-O 8. b4
c6 9. Be2 d6 10. b5 Bb7 11. Bf3 Qc8 12. Bd2 e5 13. dxe5 dxe5 14. bxc6 Nxc6 15.
Nfd5 Nxd5 16. Nxd5 Bc5 17. O-O Re8 18. Bc3 Rb8 19. Bg4 f5 20. Bh3 e4 21. Qh5
Rf8 22. Qg5 Rf7 23. Nf6+ Rxf6 24. Bxf6 Qf8 25. Bc3 Bc8 26. Rfd1 Be6 27. g3 Rb7
28. Bb4 Ne5 29. Qd8 Nxc4 30. Bf1 Ne5 31. Be2 Qxd8 32. Rxd8+ Kf7 33. Rc1 Bxb4
34. axb4 a5 35. bxa5 bxa5 36. Rc5 Nf3+ 37. Kg2 a4 38. Ra5 Ke7 39. Rda8 Ne1+ 40.
Kh3 f4+ 41. Bg4 fxe3 42. fxe3 Bc4 43. R8a7 Rxa7 44. Rxa7+ Kf6 45. Bd1 Bf1+ 46.
Kg4 Ng2 47. Bxa4 Bd3 48. Kh5 Nxe3 49. g4 g6+ 50. Kh4 h5 51. gxh5 Nf5+ 52. Kg4
gxh5+ 53. Kf4 1/2-1/2